Countries Visited by The Rolling Stones - Statistics

General Stats
  • This quiz has been taken 8 times
  • The average score is 44 of 46
Answer Stats
# of Concerts Country % Correct
15 Argentina
100%
67 Australia
100%
17 Austria
100%
15 Belgium
100%
12 Brazil
100%
71 Canada
100%
5 China
100%
1 Colombia
100%
6 Czech Republic
100%
25 Denmark
100%
6 Finland
100%
55 France
100%
119 Germany
100%
2 Greece
100%
2 Hungary
100%
2 India
100%
11 Ireland
100%
23 Italy
100%
39 Japan
100%
10 Mexico
100%
43 Netherlands
100%
21 New Zealand
100%
9 Norway
100%
1 Peru
100%
5 Poland
100%
6 Portugal
100%
1 Romania
100%
2 Russia
100%
2 South Africa
100%
25 Spain
100%
32 Sweden
100%
16 Switzerland
100%
1 Turkey
100%
773 United Kingdom
100%
722 United States
100%
1 Uruguay
100%
2 Chile
83%
3 Croatia
83%
1 Cuba
83%
1 Estonia
83%
1 Luxembourg
83%
1 Serbia
83%
5 Singapore
83%
1 United Arab Emirates
83%
1 Israel
67%
1 Montenegro
50%
No matching quizzes found
Score Distribution
Percent of People with Each Score
Percentile by Number Answered
Your Score History
You have not taken this quiz